Khóe ăn khóe nói sẽ có được thiên hạ
Cuốn sách với ngôn từ rõ ràng, gần gũi với cuộc sống sẽ mang đến những kĩ năng và phương pháp giao tiếp thực dụng, chắc chắn sẽ giúp ích cho quý độc giả
Guardado en:
| Autor principal: | |
|---|---|
| Otros Autores: | |
| Formato: | Libro |
| Lenguaje: | Vietnamese |
| Publicado: |
H.
Văn học
2017
|
| Materias: | |
| Etiquetas: |
Agregar Etiqueta
Sin Etiquetas, Sea el primero en etiquetar este registro!
|
| Thư viện lưu trữ: | Thư viện Trường Đại học Nam Cần Thơ |
|---|
| LEADER | 01206nam a22002177a 4500 | ||
|---|---|---|---|
| 001 | NCT_54265 | ||
| 008 | 181025b xxu||||| |||| 00| 0 vie d | ||
| 999 | |c 2603 |d 2603 | ||
| 020 | |a 9786046932185 |c 99000 | ||
| 082 | 0 | 4 | |2 23rd ed. |a 158.2 |b Nh100 |
| 100 | 1 | |a Trác Nhã |e Chủ biên | |
| 245 | 1 | 0 | |a Khóe ăn khóe nói sẽ có được thiên hạ |c Trác Nhã (chủ biên) ; Phương Thảo (dịch) |
| 260 | |a H. |b Văn học |c 2017 | ||
| 300 | |a 343 tr. |c 23cm | ||
| 520 | 3 | |a Cuốn sách với ngôn từ rõ ràng, gần gũi với cuộc sống sẽ mang đến những kĩ năng và phương pháp giao tiếp thực dụng, chắc chắn sẽ giúp ích cho quý độc giả | |
| 653 | |a Tham khảo | ||
| 700 | 1 | |a Phương Thảo |e Dịch | |
| 942 | |2 ddc |c BK | ||
| 952 | |0 0 |1 0 |2 ddc |4 0 |6 158_200000000000000_NH100 |7 0 |9 14749 |a 000001 |b 000001 |d 2018-10-25 |l 5 |o 158.2 Nh100 |p TK.01140 |r 2021-04-23 |s 2021-04-12 |v 99000.00 |w 2018-10-25 |y BK | ||
| 952 | |0 0 |1 0 |2 ddc |4 0 |6 158_200000000000000_NH100 |7 0 |9 14750 |a 000001 |b 000001 |d 2018-10-25 |o 158.2 Nh100 |p TK.01141 |r 2018-10-25 |v 99000.00 |w 2018-10-25 |y BK | ||
| 980 | |a Thư viện Trường Đại học Nam Cần Thơ | ||


